000 00462nam a22001217a 4500
999 _c68190
_d68187
100 _aAbdullah Khan
_a14MIEM01
_aSupervisor - Prof . Dr Altaf Hussain Rajper
245 _aDiagnosis Failure Causes of Corrosion Inhibitor Pump plunger and Its Effect on System Performance (ME Thesis)
260 _aNawabshah
_bQUEST
_c2017
300 _a49p
700 _aDepartment of Industrial Engineering and Management
856 _uhttps://tinyurl.com/yns9ns42
942 _cTHESIS